000 00599nam a2200181Ia 4500
003 GCL
008 140319s9999 xx 000 0 ara d
040 _aGCL /
_cGCL
082 0 4 _a928
_bع م
100 1 _aعاطف فتحى
245 1 0 _aمحمود امين العالم: الانسان - المفكر - الناقد /
_cعاطف فتحى
300 _a212 ص
490 _aكتاب الثقافة الجديدة
_v0
650 0 4 _aالادب - تاريخ ونقد
650 0 4 _aالادب العربى - العصر الحديث
650 0 4 _aمحمود امين العالم
942 _2ddc
_cBK
999 _c50755
_d50755